Score 0/27 Timer 05:00
1 Play Today
Date of Declaration Nation % Correct
15 May 1702Kingdom of France
98.6%
31 March 1744Kingdom of France
98.5%
17 May 1756Kingdom of France
98.5%
17 March 1778Kingdom of France
98.5%
18 May 1803France
98.5%
3 September 1939German Reich
98.4%
4 August 1914German Empire
98.3%
11 June 1940Italy
95.1%
17 December 1718Spain
94.9%
23 October 1739Spain
94.8%
4 January 1762Spain
94.8%
12 April 1779Spain
94.8%
8 December 1941Japan
94.7%
28 March 1854Russian Empire
92.6%
Date of Declaration Nation % Correct
December 1780United Provinces of the Netherlands
70.9%
5 December 1941Hungary
65.2%
5 December 1941Romania
62.6%
5 November 1914Ottoman Empire
59.1%
15 October 1915Bulgaria
58.5%
13 December 1941Bulgaria
58.5%
12 August 1914Austria-Hungary
54.8%
1717Sweden
52.3%
5 December 1941Finland
47.2%
6 May 1919Afghanistan
30.4%
11 January 1879Kingdom of Zululand
21.8%
25 January 1942Thailand
20.2%
November 1864Bhutan
4.9%
Remove Ads.
Support Sporcle.
Get the best of Sporcle when you Go Orange. This ad-free experience offers more features, more stats, and more fun while also helping to support Sporcle. Thank you for becoming a member.

You're not logged in!

Compare scores with friends on all Sporcle quizzes.
OR
Log In

Sporcle TV

Today on Sporcle TV


Watch our educational content, quiz creation guides, and fun videos on Sporcle TV.

Show Comments

Extras

Top Quizzes Today


Score Distribution

Paid Content

Your Account Isn't Verified!

In order to create a playlist on Sporcle, you need to verify the email address you used during registration. Go to your Sporcle Settings to finish the process.

Report this User

Report this user for behavior that violates our Community Guidelines.

Details: